New furniture (Record no. 29416)

MARC details
000 -LEADER
fixed length control field 00255nam a2200109Ia 4500
082 ## - DEWEY DECIMAL CLASSIFICATION NUMBER
Classification number 645.4
Item number VON
100 ## - MAIN ENTRY--AUTHOR NAME
Personal name Von, Herausgeben
245 #0 - TITLE STATEMENT
Title New furniture
260 ## - PUBLICATION, DISTRIBUTION, ETC. (IMPRINT)
Place of publication London
Name of publisher Academy
Year of publication 1973
942 ## - ADDED ENTRY ELEMENTS (KOHA)
Koha item type Books
Holdings
Withdrawn status Lost status Damaged status Not for loan Home library Current library Date acquired Cost, normal purchase price Full call number Accession Number Koha item type
        RRII Library RRII Library 16/12/2021 75.88 645.4 VON 10003 Books